| 000 | 01316cam a2200253 a 4500 | ||
|---|---|---|---|
| 005 | 20171010144043.0 | ||
| 008 | 021201s2002 ck a r 00010 spa d | ||
| 040 |
_ala _cla _dCO-BoIAVH |
||
| 041 | 0 | _aspa | |
| 044 | _ack | ||
| 082 | 0 | 4 |
_a632.18 _bC71l |
| 110 | 2 |
_aColombia. _bMinisterio del Medio Ambiente. _bDirección General de Ecosistemas. |
|
| 245 | 1 | 0 |
_aLineamientos generales para un programa nacional de educación en prevención de incendios forestales / _cDirección General de Ecosistemas del Ministerio del Medio Ambiente. |
| 260 |
_aBogotá : _bEdiciones AECI, _c2002. |
||
| 300 |
_a34 páginas : _bilustraciones ; _c24 x 17 centímetros |
||
| 500 | _aFormulación y puesta en marcha de los programas nacionales de capacitación e información pública en prevención y mitigación de incendios forestales en Colombia. | ||
| 504 | _aIncluye referencias bibliográficas. | ||
| 650 | 1 | 6 |
_aPrevención de incendios forestales _v Manuales. |
| 650 | 2 | 6 |
_aIncendios forestales _xreducción de riesgos _vManuales. |
| 650 | 2 | 6 |
_aEducación ambiental _vProyectos. |
| 710 | 2 |
_aColombia. _bMinisterio de Relaciones Exteriores. _bAgencia Colombiana de Cooperación Internacional. |
|
| 710 | 2 | _aAgencia Española de Cooperación Internacional | |
| 942 |
_2ddc _cLIBRO |
||
| 999 |
_c2660 _d2660 |
||